[Event "Fagernes op-B"]
[Site "Fagernes"]
[Date "2023.04.03"]
[Round "2"]
[White "Spanton, Timothy"]
[Black "Reigstad, Erlend"]
[Result "0-1"]
[WhiteElo "1835"]
[BlackElo "1594"]
[PlyCount "68"]
[EventDate "2023.04.02"]
[EventType "swiss"]
[EventRounds "9"]
[EventCountry "NOR"]
[SourceTitle "CBM 213 Extra"]
[Source "ChessBase"]
[SourceDate "2023.05.31"]
[SourceVersion "1"]
[SourceVersionDate "2023.05.31"]
[SourceQuality "1"]

1. e4 e6 2. d4 d5 3. exd5 exd5 4. Nf3 Nf6 5. Bd3 Bd6 6. 0-0 0-0 7. Nc3 c6 8. Bg5 Bg4 9. h3 Bh5 10. Re1 Nbd7 11. g4 Bg6 12. Ne5 Qb6 13. Bxg6 fxg6 14. Qd3 Bxe5 15. dxe5 Nxg4 16. hxg4 Qxf2+ 17. Kh1 Rf3 18. Rf1 Qxf1+ 19. Rxf1 Rxd3 20. e6 Rh3+ 21. Kg2 Rxc3 22. bxc3 Nc5 23. e7 Ne4 24. Be3 Re8 25. Bxa7 Rxe7 26. Re1 Kf7 27. Re3 Nf6 28. Rf3 Re4 29. Kh3 g5 30. Bd4 Kg6 31. Bxf6 gxf6 32. Kg3 Ra4 33. Re3 Rxa2 34. Re2 Ra3 0-1

[Event "Brno op"]
[Site "Brno"]
[Date "2022.11.17"]
[Round "6"]
[White "Arndt, Stefan"]
[Black "Spanton, Timothy"]
[Result "1/2-1/2"]
[WhiteElo "2176"]
[BlackElo "1771"]
[PlyCount "47"]
[EventDate "2022.11.12"]
[EventType "swiss"]
[EventRounds "9"]
[EventCountry "CZE"]
[SourceTitle "CBM 211 Extra"]
[Source "ChessBase"]
[SourceDate "2023.01.31"]
[SourceVersion "1"]
[SourceVersionDate "2023.01.31"]
[SourceQuality "1"]

1. d4 d5 2. Nf3 e6 3. c4 Nf6 4. e3 c5 5. cxd5 exd5 6. Bb5+ Bd7 7. Bxd7+ Qxd7 8. 0-0 Nc6 9. b3 cxd4 10. Nxd4 Be7 11. Bb2 0-0 12. Nd2 Rac8 13. N2f3 Rfd8 14. a3 Ne4 15. Rc1 Nxd4 16. Nxd4 Rxc1 17. Qxc1 Rc8 18. Qd1 Bf6 19. f3 Nc3 20. Qd2 Bxd4 21. exd4 Nb5 22. Re1 h6 23. a4 Nc7 24. Ba3 1/2-1/2

[Event "Brno op"]
[Site "Brno"]
[Date "2022.11.17"]
[Round "7"]
[White "Spanton, Timothy"]
[Black "Svobodova, Michaela"]
[Result "1/2-1/2"]
[WhiteElo "1771"]
[BlackElo "1973"]
[PlyCount "64"]
[EventDate "2022.11.12"]
[EventType "swiss"]
[EventRounds "9"]
[EventCountry "CZE"]
[SourceTitle "CBM 211 Extra"]
[Source "ChessBase"]
[SourceDate "2023.01.31"]
[SourceVersion "1"]
[SourceVersionDate "2023.01.31"]
[SourceQuality "1"]

1. d4 d5 2. Nc3 Nf6 3. Bg5 h6 4. Bh4 c5 5. Bxf6 gxf6 6. e4 dxe4 7. dxc5 Qa5 8. Qd2 Bf5 9. 0-0-0 Nc6 10. Bb5 Rd8 11. Qxd8+ Qxd8 12. Rxd8+ Kxd8 13. Nge2 Bg6 14. Rd1+ Kc8 15. Nd4 Nxd4 16. Rxd4 e6 17. Nxe4 Bxe4 18. Rxe4 Rg8 19. g3 Rg5 20. Be8 Bxc5 21. Bxf7 Bxf2 22. Bxe6+ Kc7 23. Kd2 Rh5 24. Rh4 Rxh4 25. gxh4 Bxh4 26. Ke3 Kd6 27. Bf5 Ke5 28. Bd3 b6 29. Kf3 Bg5 30. a4 Bc1 31. b3 Bf4 32. h3 Bd2 1/2-1/2

[Event "South Wales op 17th"]
[Site "Bridgend"]
[Date "2022.07.09"]
[Round "4"]
[White "Murphy, Hugh"]
[Black "Spanton, Timothy"]
[Result "1-0"]
[WhiteElo "2125"]
[BlackElo "1889"]
[PlyCount "113"]
[EventDate "2022.07.07"]
[EventType "swiss"]
[EventRounds "9"]
[EventCountry "WLS"]
[SourceTitle "CBM 209 Extra"]
[Source "ChessBase"]
[SourceDate "2022.09.30"]
[SourceVersion "1"]
[SourceVersionDate "2022.09.30"]
[SourceQuality "1"]

1. d4 d5 2. Nf3 Nc6 3. e3 Bg4 4. Bb5 e6 5. c4 a6 6. Bxc6+ bxc6 7. Qa4 Ne7 8. Ne5 Bh5 9. Nc3 f6 10. Nxc6 Qd7 11. Nxe7 Qxa4 12. Nxa4 Bxe7 13. cxd5 exd5 14. Bd2 0-0 15. Rc1 Rfc8 16. Ba5 Be8 17. Nc3 c6 18. Na4 Rcb8 19. b3 Rb5 20. Bb6 Rb8 21. Bc5 Bd8 22. 0-0 Bc7 23. Nc3 R5b7 24. Ba3 Kf7 25. Rc2 Kg8 26. Rfc1 Bg6 27. Rb2 Be8 28. Na4 Bb6 29. Bd6 Rd8 30. Nxb6 Rxd6 31. Na4 a5 32. Rbc2 Kf7 33. Kf1 Rd8 34. Ke1 Ke7 35. Rc5 Ra8 36. Kd2 Kd6 37. f3 Re7 38. Nc3 Bg6 39. Ne2 Ra6 40. Nc3 Ra8 41. Re1 Ra6 42. e4 dxe4 43. fxe4 Ra8 44. Kd3 Ra6 45. Ke3 Ra8 46. Kf4 Ra6 47. Na4 Bf7 48. Nb2 Bg8 49. Rec1 Bf7 50. Kf3 Bg8 51. Nd3 Be6 52. R5c3 Rb6 53. Kf2 a4 54. bxa4 Bxa2 55. a5 Ra6 56. Nb4 Rxa5 57. Nxc6 1-0

[Event "South Wales op 17th"]
[Site "Bridgend"]
[Date "2022.07.08"]
[Round "3"]
[White "Spanton, Timothy"]
[Black "Bullen, Alex"]
[Result "1-0"]
[WhiteElo "1889"]
[BlackElo "2106"]
[PlyCount "94"]
[EventDate "2022.07.07"]
[EventType "swiss"]
[EventRounds "9"]
[EventCountry "WLS"]
[SourceTitle "CBM 209 Extra"]
[Source "ChessBase"]
[SourceDate "2022.09.30"]
[SourceVersion "1"]
[SourceVersionDate "2022.09.30"]
[SourceQuality "1"]

1. e4 c6 2. d4 d5 3. Nc3 dxe4 4. Nxe4 Bf5 5. Ng3 Bg6 6. Nf3 Nd7 7. h4 h6 8. h5 Bh7 9. Bd3 Ngf6 10. Bxh7 Nxh7 11. Bf4 e6 12. Ne4 Ndf6 13. Qe2 Nxe4 14. Qxe4 Nf6 15. Qe2 Bb4+ 16. c3 Be7 17. Ne5 Nd5 18. Bd2 a5 19. a3 Bg5 20. Rd1 Bxd2+ 21. Rxd2 0-0 22. c4 Nb6 23. Rh3 Nd7 24. Rg3 f5 25. Nxd7 Qxd7 26. Rg6 Rae8 27. Qe5 f4 28. Qe4 Rf5 29. Rg4 e5 30. d5 Rxh5 31. f3 Rd8 32. Rg6 Qe7 33. dxc6 Rh1+ 34. Ke2 Rxd2+ 35. Kxd2 bxc6 36. Rxc6 Qd7+ 37. Qd5+ Qxd5+ 38. cxd5 Rg1 39. Kd3 Rxg2 40. b4 axb4 41. axb4 Rb2 42. Ke4 Rxb4+ 43. Kxe5 Rb8 44. d6 Re8+ 45. Kd5 Kf7 46. d7 Re3 47. Rd6 Rd3+ 1-0

[Event "Colonia de Sant Jordi op-A"]
[Site "Colonia de Sant Jordi"]
[Date "2022.06.12"]
[Round "9"]
[White "Spanton, Timothy"]
[Black "Herbold, Manfred"]
[Result "0-1"]
[WhiteElo "1861"]
[BlackElo "2031"]
[PlyCount "134"]
[EventDate "2022.06.04"]
[EventType "swiss"]
[EventRounds "9"]
[EventCountry "ESP"]
[SourceTitle "CBM 208 Extra"]
[Source "ChessBase"]
[SourceDate "2022.07.31"]
[SourceVersion "1"]
[SourceVersionDate "2022.07.31"]
[SourceQuality "1"]

1. e4 Nc6 2. Nf3 e6 3. d4 d5 4. e5 f6 5. Be2 fxe5 6. dxe5 Bc5 7. 0-0 Nge7 8. Bf4 0-0 9. Bg3 Nf5 10. Nc3 a6 11. Bd3 Be7 12. Qe2 Bd7 13. Bxf5 Rxf5 14. Rad1 Qf8 15. Qd2 Be8 16. Nd4 Nxd4 17. Qxd4 c5 18. Qd2 Bc6 19. Ne2 b5 20. Nc1 a5 21. Nd3 Qf7 22. c3 h5 23. h4 Rd8 24. Qe3 d4 25. cxd4 cxd4 26. Qd2 b4 27. Rc1 Qe8 28. Nc5 Bf8 29. Nb3 Bb5 30. Rfd1 d3 31. Nc5 Rf7 32. Ne4 Rfd7 33. Qg5 Kh8 34. Nd6 Be7 35. Qf4 Bxd6 36. exd6 Rxd6 37. Qxd6 Rxd6 38. Bxd6 Qd7 39. Bf4 Qd5 40. b3 Bc6 41. f3 Qd4+ 42. Kf1 Bb5 43. Bd2 Qxh4 44. Re1 Qe7 45. Re5 Be8 46. Rxa5 Kh7 47. Rd1 Qc7 48. Bxb4 Bg6 49. Rc5 Qh2 50. Be1 h4 51. Rc4 Qh1+ 52. Kf2 Bf5 53. Rdc1 Qh2 54. Ke3 Qe5+ 55. Kf2 Qe2+ 56. Kg1 h3 57. gxh3 d2 58. Bxd2 Qxd2 59. a4 Qe3+ 60. Kg2 Qxb3 61. R1c3 Qa2+ 62. Kg3 Qa1 63. Kg2 Qa2+ 64. Kg3 Kg6 65. Rc1 Kf6 66. R1c3 Qd2 67. h4 Qe1+ 0-1